Statistiche per Opere di Dante Alighieri

Clicka qui per fare il quiz!

Statistiche generali

  • Questo quiz è stato fatto 52 volte
  • Il punteggio medio è 5 su 11

Statistiche sulle risposte

Risposta% Corretto
[Divina] Commedia
100%
Vita Nova
81%
De Vulgari Eloquentia
75%
Convivio
65%
De Monarchia
60%
Rime
50%
Epistole
46%
Fiore
19%
Detto d'Amore
17%
Egloghe
17%
Quaestio de aqua et terra
6%

Distribuzione punteggi

Percentile per numero di risposta

Percentuale di utenti per punteggio

I tuoi punteggi nel tempo

Non hai fatto questo quiz